000 00980nas a2200301 4500
001 BR2015002305
003 BR-BrBNA
005 20231205125231.0
007 ta
008 230509b bl.|||p| |||| 00| 00por d
040 _aBR-BrBNA
_bpor
_cBiblioteca Nacional de Agricultura
041 _a(Pt)
072 _aL53; L40
100 1 _aChacur, M.G.M.
100 1 _aMartins, E.A.F.
100 1 _aSilva, A.A.
100 1 _aGuaberto, L.M.
100 1 _aGabriel Filho, L.R.A.
100 1 _aSanches, O.C.
100 1 _aOba, E.
245 1 _aMorfometria corpórea, características do sêmen, proteínas seminais e testosterona em cervos Cervus unicolor em cativeiros
650 _aVEADO
650 _aREPRODUÇÃO ANIMAL
650 _aMORFOLOGIA ANIMAL
773 0 _tArquivo Brasileiro de Medicina Veterinária e Zootecnia (Brazil)
_xISSN 0102-0935
_g(Oct 2014), v. 66(5) p. 1392-1400
_wBR2015002305
909 _a202311
_bLúcia
_c55
_dLúcia Elande
942 _2AGRIS
_n0
_cANA
999 _c243360
_d243360